LEADER 02532nas 2200709-a 450 001 996335785603316 005 20230227213019.0 011 $a1635-7930 035 $a(DE-599)ZDB2092924-9 035 $a(OCoLC)60639266 035 $a(CKB)111057004872070 035 $a(CONSER)--2011233098 035 $a(EXLCZ)99111057004872070 100 $a20050615b20022011 s-- b 101 0 $aeng 135 $aur||||||||||| 181 $ctxt$2rdacontent 182 $cc$2rdamedia 183 $acr$2rdacarrier 200 10$aEnvironmental biosafety research 210 $aLes Ulis, France ;$aCambridge, MA $cISBR, EDP Sciences$d©2002- 300 $aRefereed/Peer-reviewed 311 $a1635-7922 517 1 $aEBR 517 1 $aEnviron. Biosafety Res 531 $aENVIRON BIOSAFETY RES 531 $aENVIRON BIOSAF RES 531 1 $aEnviron. biosaf. res. 606 $aTransgenic organisms$xEnvironmental aspects$vPeriodicals 606 $aTransgenic organisms$vPeriodicals 606 $aTransgenic organisms$xSafety measures 606 $aBioremediation$vPeriodicals 606 $aBiotechnology$xResearch$vPeriodicals 606 $aBiotechnology$xSafety measures$vPeriodicals 606 $aOrganisms, Genetically Modified 606 $aSafety 606 $aBioremediation$2fast$3(OCoLC)fst00832694 606 $aBiotechnology$xResearch$2fast$3(OCoLC)fst00832769 606 $aBiotechnology$xSafety measures$2fast$3(OCoLC)fst00832777 606 $aTransgenic organisms$2fast$3(OCoLC)fst01154670 606 $aTransgenic organisms$xEnvironmental aspects$2fast$3(OCoLC)fst01154671 606 $aTransgenic organisms$xSafety measures$2fast$3(OCoLC)fst01154676 608 $aPeriodicals.$2fast 615 0$aTransgenic organisms$xEnvironmental aspects 615 0$aTransgenic organisms 615 0$aTransgenic organisms$xSafety measures. 615 0$aBioremediation 615 0$aBiotechnology$xResearch 615 0$aBiotechnology$xSafety measures 615 2$aOrganisms, Genetically Modified. 615 2$aSafety. 615 7$aBioremediation. 615 7$aBiotechnology$xResearch. 615 7$aBiotechnology$xSafety measures. 615 7$aTransgenic organisms. 615 7$aTransgenic organisms$xEnvironmental aspects. 615 7$aTransgenic organisms$xSafety measures. 712 02$aInternational Society for Biosafety Research. 906 $aJOURNAL 912 $a996335785603316 996 $aEnvironmental biosafety research$91896337 997 $aUNISA LEADER 01363nam0 22003373i 450 001 UFI0573423 005 20251003044430.0 010 $a072774089X 010 $a9780727740892 100 $a20150731d2010 ||||0itac50 ba 101 | $aeng 102 $agb 181 1$6z01$ai $bxxxe 182 1$6z01$an 200 1 $aSteel-concrete composite buildings$edesigning with Eurocodes$fDavid Collings 210 $aLondon$cThomas Telford$d2010 215 $aXVI, 219 p.$cill.$d26 cm 606 $aStrutture in acciaio-calcestruzzo$xNorme tecniche$2FIR$3NAPC280981$9I 676 $a624.102$9INGEGNERIA STRUTTURALE E TECNICA DELLE COSTRUZIONI SOTTERRANEE. Standard$v14 676 $a624.18210218$9PROGETTAZIONE E COSTRUZIONE IN FERRO E ACCIAIO (METALLI FERROSI). Standards$v22 696 $aNorme per i requisiti tecnici 699 $aNorme tecniche$yNorme per i requisiti tecnici 700 1$aCollings$b, David$c $3UFIV178360$0448005 801 3$aIT$bIT-000000$c20150731 850 $aIT-BN0095 901 $bNAP 01$cSALA DING $n$ 912 $aUFI0573423 950 0$aBiblioteca Centralizzata di Ateneo$b1 v.$c1 v.$d 01SALA DING 624.102 COL.st$e 0102 0000100345 VMA A4 1 v.$fY $h20150506$i20150731 977 $a 01 996 $aSteel-concrete composite buildings$9103556 997 $aUNISANNIO LEADER 04626nam 22009975 450 001 9910728933103321 005 20260224141125.0 010 $a9789811981593 010 $a9811981590 024 7 $a10.1007/978-981-19-8159-3 035 $a(MiAaPQ)EBC30558371 035 $a(Au-PeEL)EBL30558371 035 $a(OCoLC)1381095603 035 $a(DE-He213)978-981-19-8159-3 035 $a(BIP)086064344 035 $a(CKB)26816389300041 035 $a(EXLCZ)9926816389300041 100 $a20230531d2023 u| 0 101 0 $aeng 135 $aurcnu|||||||| 181 $ctxt$2rdacontent 182 $cc$2rdamedia 183 $acr$2rdacarrier 200 10$aAdvancing Sports and Exercise via Innovation $eProceedings of the 9th Asian South Pacific Association of Sport Psychology International Congress (ASPASP) 2022, Kuching, Malaysia /$fedited by Garry Kuan, Yu-Kai Chang, Tony Morris, Teo Eng Wah, Rabiu Muazu Musa, Anwar P. P. Abdul Majeed 205 $a1st ed. 2023. 210 1$aSingapore :$cSpringer Nature Singapore :$cImprint: Springer,$d2023. 215 $a1 online resource (565 pages) 225 1 $aLecture Notes in Bioengineering,$x2195-2728 311 08$aPrint version: Kuan, Garry Advancing Sports and Exercise Via Innovation Singapore : Springer Singapore Pte. Limited,c2023 9789811981586 327 $aAdvancing Sports and Exercise via Innovation -- Commitment in Sport from the perspective of Malaysian Adults -- Effectiveness of Brain Breaks -- The Fundamental Motor Skills Performance of Children -- Speed Agility Training Aids Set. 330 $aThis book presents the proceedings of the 9th Asian South Pacific Association of Sport Psychology International Congress (ASPASP) 2022, Kuching, Malaysia, which entails the different sporting innovation themes, namely, Applied Sport and Social Psychology, Health and Exercise, Motor Control and Learning, Counselling and Clinical Psychology, Biomechanics, Data Mining and Machine Learning in Sports amongst others. It presents the state-of-the-art technological advancements towards the aforesaid themes and provides a platform to shape the future direction of sport science, specifically in the field sports and exercise psychology. 1.Presents articles from 9th Asian South Pacific Association of Sport Psychology International Congress 2022, Malaysia 2. Brings together academics and industries to present recent findings and innovations in sports and exercise 3. Includes contributions from leading experts in both industry and academia. 410 0$aLecture Notes in Bioengineering,$x2195-2728 606 $aBiomedical engineering 606 $aSocial psychology 606 $aSports sciences 606 $aRecreation$xEquipment and supplies 606 $aMachine learning 606 $aData mining 606 $aBiomedical Engineering and Bioengineering 606 $aSocial Psychology 606 $aSport Technology 606 $aMachine Learning 606 $aData Mining and Knowledge Discovery 606 $aSports Biomechanics 606 $aEsports$2thub 606 $aPsicologia social$2thub 606 $aSalut$2thub 606 $aMotricitat$2thub 606 $aAprenentatge$2thub 606 $aInnovacions tecnològiques$2thub 607 $aSud-est asiàtic$2thub 608 $aLlibres electrònics$2thub 615 0$aBiomedical engineering. 615 0$aSocial psychology. 615 0$aSports sciences. 615 0$aRecreation$xEquipment and supplies. 615 0$aMachine learning. 615 0$aData mining. 615 14$aBiomedical Engineering and Bioengineering. 615 24$aSocial Psychology. 615 24$aSport Technology. 615 24$aMachine Learning. 615 24$aData Mining and Knowledge Discovery. 615 24$aSports Biomechanics. 615 7$aEsports. 615 7$aPsicologia social 615 7$aSalut 615 7$aMotricitat 615 7$aAprenentatge 615 7$aInnovacions tecnològiques 676 $a796.019 702 $aKuan$b Garry 702 $aChang$b Yu-Kai 702 $aMorris$b Tony 702 $aEng Wah$b Teo 702 $aMusa$b Rabiu Muazu 702 $aAbdul Majeed$b Anwar P. P. 712 02$aAsian South-Pacific Association of Sport Psychology, 712 12$aAsian South-Pacific Association of Sport Psychology International Congress$d(9th :$f2022 :$eKuching, Malaysia) 801 0$bMiAaPQ 801 1$bMiAaPQ 801 2$bMiAaPQ 906 $aPROCEEDING 912 $a9910728933103321 996 $aAdvancing Sports and Exercise via Innovation$93907191 997 $aUNINA